[Event "Rilton Cup"]
[Site "Stockholm"]
[Date "1991.??.??"]
[Round "6"]
[White "Wademark, Helge"]
[Black "Lyrberg, Patrik"]
[Result "0-1"]
[WhiteElo "2210"]
[BlackElo "2270"]

1.d4 Nf6 2.Bg5 d5 3.Bxf6 exf6 4.e3 c6 5.c4 dxc4 6.Bxc4 Bd6 7.Nc3 O-O 8.Nge2 Nd7
9.Rc1 f5 10.O-O Nf6 11.Qc2 Bxh2+ 12.Kxh2 Ng4+ 13.Kg3 Qg5 14.f4 Qg6 15.Kf3 Re8
16.Nd1 b5 17.Bb3 Bb7 18.Qc5 Qh5 19.Ng3 Ne5+ 20.Kf2 Nd3+ 21.Kg1 Qg6 22.Qxf5 Nxc1
23.Qxg6 hxg6 24.f5 gxf5 25.Bc2 g6 26.e4 f4 27.Rxf4 Rad8 28.e5 c5 29.Rf1 Rxd4
30.Nc3 Rd2 31.Be4 Ne2+ 32.Ncxe2 Bxe4 33.Nxe4 Rxe2 34.Nf6+ Kf8 35.Nxe8 Kxe8
36.Rc1 Rxe5 37.a4 a6 38.axb5 axb5 39.Kf2 Kd7 40.Ra1 Kc6 41.Ra6+ Kd5 42.g4 Re4
43.Kf3 Rb4 44.Rf6 Rb3+ 45.Kf4 Rxb2 46.Kg5 Re2 47.Rxf7 Re6  0-1

[Event "Subotica Interzonal (Women)"]
[Site "Subotica"]
[Date "1991.??.??"]
[Round "7"]
[White "Levitina, Irina S"]
[Black "Qin Kanying"]
[Result "1/2-1/2"]
[WhiteElo "2370"]
[BlackElo "2265"]

1.d4 Nf6 2.Bg5 g6 3.Bxf6 exf6 4.e3 Bg7 5.Bd3 O-O 6.Ne2 f5 7.O-O d6 8.c4 c5
9.Nbc3 Nc6 10.Bc2 Rb8 11.Rb1 a6 12.a3 b5 13.cxb5 axb5 14.b4 cxd4 15.exd4 Qb6
16.Bd3 Nxd4 17.Nxd4 Qxd4 18.Nxb5 Qh4 19.f4 Ba6 20.a4 Qe7 21.Qd2 d5 22.Kh1 Qd7
23.Rbc1 Rfc8 24.Rfd1 Qe7 25.Re1 Qd7 26.Red1 Qe7  1/2-1/2

[Event "SWZ-chT"]
[Site "?"]
[Date "1991.??.??"]
[Round "?"]
[White "Klinger, Josef"]
[Black "Hort, Vlastimil"]
[Result "1/2-1/2"]
[WhiteElo "2470"]
[BlackElo "2540"]

1.d4 Nf6 2.Bg5 c5 3.d5 Ne4 4.Bf4 Qb6 5.Nd2 Nxd2 6.Bxd2 Qxb2 7.e4 g6 8.Rb1 Qe5
9.Bd3 Bg7 10.f4 Qc7 11.c4 d6 12.Nf3 Bg4 13.O-O Nd7 14.Qe1 Bxf3 15.Rxf3 a6
16.a4 Bf6 17.Kh1 O-O 18.Rh3 b5 19.cxb5 c4 20.Rc1 axb5 21.axb5 Nb6 22.Bc3 Bxc3
23.Qxc3 Qc5 24.Bf1 f6 25.Be2 Ra2 26.Qe1 Qd4 27.Bg4 Qb2 28.Qg1 Rfa8 29.Rhc3 Ra1
30.h4 Qxc3 31.Rxc3 Rxg1+ 32.Kxg1 Ra5 33.h5 Kg7 34.hxg6 hxg6 35.Rg3 Rxb5 36.Bf5 g5
37.Rh3 Rc5 38.Rh7+ Kf8 39.Rh8+ Kg7 40.Rh7+ Kf8 41.Rh8+  1/2-1/2

[Event "Triberg"]
[Site "Triberg"]
[Date "1991.??.??"]
[Round "3"]
[White "Werner, Clemens"]
[Black "Schmittdiel, Eckhard"]
[Result "0-1"]
[WhiteElo "2270"]
[BlackElo "2485"]

1.d4 Nf6 2.Bg5 d5 3.e3 c5 4.Nd2 Nc6 5.c3 h6 6.Bh4 e6 7.Bd3 Be7 8.Ngf3 Qb6
9.Rb1 Bd7 10.Qe2 Rc8 11.O-O O-O 12.Ne5 Qc7 13.f4 Be8 14.Rf3 Nh7 15.Rh3 Bxh4
16.Rxh4 f5 17.g4 Qe7 18.Rh3 Nxe5 19.dxe5 Bg6 20.Rg3 Qf7 21.Kh1 Kh8 22.Rbg1 Rg8
23.Qg2 Rc7 24.g5 hxg5 25.fxg5 Rd8 26.Rh3 Kg8 27.Qf2 Qd7 28.Nf3 Nf8 29.Nh4 d4
30.Nxg6 Nxg6 31.e4 f4 32.Qf3 dxc3 33.Qh5 Kf7 34.Rf1 Qe8 35.Rxf4+ Ke7 36.Rf2 cxb2
37.Rxb2  0-1

[Event "Vienna op"]
[Site "Vienna"]
[Date "1991.??.??"]
[Round "2"]
[White "Insam, Heinz"]
[Black "Murrey, Jacob"]
[Result "0-1"]
[WhiteElo "2250"]
[BlackElo "2450"]

1.d4 Nf6 2.Bg5 c5 3.d5 Ne4 4.Bc1 e6 5.Nf3 d6 6.g3 Be7 7.Bg2 O-O 8.c4 exd5
9.Qxd5 Nf6 10.Qd3 Nc6 11.Nc3 Be6 12.e4 Ng4 13.Nd5 f5 14.O-O Nge5 15.Nxe5 Nxe5
16.Qe2 Bf6 17.f4 Nc6 18.Nxf6+ Qxf6 19.e5 Qf7 20.b3 Nd4 21.Qf2 Rad8 22.Bb2 dxe5
23.fxe5 Rd7 24.Rad1 Rfd8 25.Kh1 Qh5 26.Bxd4 cxd4 27.Rd3 g5 28.Rfd1 f4 29.gxf4 Rf8
30.Bf3 Rxf4 31.Qg2 Qh4 32.Bd5 Rxd5 33.cxd5 Bf5 34.Qg3 Be4+ 35.Kg1 Rg4 36.d6 Bxd3
37.Rxd3 Rxg3+ 38.hxg3 Qg4  0-1

[Event "Vienna op"]
[Site "Vienna"]
[Date "1991.??.??"]
[Round "4"]
[White "Insam, Heinz"]
[Black "Kapetanovic, Armin"]
[Result "0-1"]
[WhiteElo "2250"]
[BlackElo "2440"]

1.d4 Nf6 2.Bg5 c5 3.d5 Ne4 4.Bf4 e6 5.Nf3 exd5 6.Bxb8 Rxb8 7.Qxd5 Qe7 8.Nbd2 Nf6
9.Qb3 g6 10.e3 Bg7 11.Qa4 a6 12.Qf4 d6 13.Nc4 O-O 14.Qxd6 Qxd6 15.Nxd6 Be6
16.Nc4 b5 17.Ncd2 Ng4 18.h3 Ne5 19.Nxe5 Bxe5 20.c3 b4 21.Rc1 bxc3 22.bxc3 Rfd8
23.Rc2 a5 24.f4 Bg7 25.g4 a4 26.Bg2 Rd3 27.Ke2 Rxc3 28.Rhc1 Rxc2 29.Rxc2 Rb2
30.Rxc5 Bf8 31.Ra5 Rxd2+  0-1

[Event "Waldshut BM"]
[Site "Waldshut"]
[Date "1991.??.??"]
[Round "1"]
[White "Gerstner, Wolfgang"]
[Black "Schneider, Bernd"]
[Result "1-0"]
[WhiteElo "2385"]
[BlackElo "2455"]

1.d4 Nf6 2.Bg5 g6 3.Nc3 Bg7 4.e4 d6 5.Qd2 h6 6.Bf4 c6 7.f3 Qa5 8.Bc4 Na6
9.e5 dxe5 10.Bxe5 O-O 11.Ne4 Nb4 12.c3 Nbd5 13.Nc5 Qd8 14.Ne2 b6 15.Nd3 Be6
16.Bb3 Qc8 17.c4 Nc7 18.Ndf4 Bd7 19.g4 Ne6 20.h4 Rd8 21.O-O-O c5 22.g5 hxg5
23.hxg5 Nxg5 24.Nxg6 fxg6 25.Qxg5 Bf5 26.Nf4 Kf7 27.Rdg1 Rh8 28.Rxh8 Qxh8
29.Nxg6 Qh6 30.Nf4 Qxg5 31.Rxg5 Bh7 32.Kd1 Rh8 33.Nd5 Bd3 34.Rg1 Bf8 35.Nf4 Bf5
36.dxc5 bxc5 37.Bc2 Bxc2+ 38.Kxc2 Rh4 39.Kb3 Nd7 40.Bc7 Bg7 41.Nd3 Rh3 42.Rg3 Rh1
43.Ba5 Bf6 44.Bc3 e5 45.Ka4 Rd1 46.Nf2 Ra1 47.a3 Bh4 48.Rg2 Rf1 49.Nd3 Rxf3
50.Nxe5+ Nxe5 51.Bxe5 Ke6 52.Bc3 Be7 53.Rg6+ Kf5 54.Ra6 Bg5 55.Rxa7 Ke4 56.Kb5 Be3
57.Rb7 Bd4 58.Re7+ Kd3 59.Rd7 Rf8 60.Ba5 Rf2 61.b4 Rh2 62.Bb6 Kc3 63.Bxc5 Bxc5
64.Kxc5  1-0

[Event "Waldshut BM"]
[Site "Waldshut"]
[Date "1991.??.??"]
[Round "6"]
[White "Gerstner, Wolfgang"]
[Black "Jacob, Volker"]
[Result "1-0"]
[WhiteElo "2385"]
[BlackElo "2240"]

1.d4 Nf6 2.Bg5 c5 3.Nc3 Qa5 4.Bxf6 gxf6 5.d5 d6 6.e3 Nd7 7.Ne2 Ne5 8.Nf4 Bd7
9.Be2 f5 10.O-O Rg8 11.a4 a6 12.Nb1 e6 13.Re1 O-O-O 14.c3 Kb8 15.b4 Qb6 16.Na3 cxb4
17.Rb1 Ka8 18.Rxb4 Qc7 19.Qb3 Rb8 20.Rb1 Bh6 21.Nb5 Qc5 22.Nd4 Qc8 23.Rb6 Bxf4
24.exf4 Ng6 25.Rxd6 Nxf4 26.Bf3 e5 27.Nc6 bxc6 28.dxc6 Rxb3 29.cxd7+ Ka7
30.dxc8=N+ Rxc8 31.Rxb3  1-0

[Event "Warsaw Legion op"]
[Site "Warsaw"]
[Date "1991.??.??"]
[Round "1"]
[White "Bukhman, Eduard"]
[Black "Szymanski, Andrzej"]
[Result "1-0"]
[WhiteElo "2430"]
[BlackElo "2210"]

1.d4 Nf6 2.Bg5 d5 3.Nd2 Nbd7 4.e3 c5 5.c3 e6 6.f4 Be7 7.Bd3 b6 8.Ngf3 Bb7
9.Bxf6 gxf6 10.f5 Qc7 11.Qe2 O-O-O 12.e4 Kb8 13.O-O Bd6 14.Rae1 c4 15.Bc2 Rde8
16.Qf2 h5 17.exd5 Bxd5 18.Be4 Reg8 19.Qh4 Rg4 20.Qh3 Qc6 21.Bxd5 Qxd5 22.fxe6 fxe6
23.Rf2 Nf8 24.Nf1 Ng6 25.Ne3 Nf4 26.Qxg4 hxg4 27.Nxd5 exd5 28.Re3 gxf3 29.Rfxf3 Kc7
30.g3 Nh5 31.Rf5 Kc6 32.g4 Nf4 33.Rxf6 Rh4 34.g5 Rg4+ 35.Kf2 Rxg5 36.Kf3 Rg6
37.Rxg6 Nxg6 38.Kg4 Kd7 39.h4 Bf8 40.h5 Ne7 41.Kg5 Bg7 42.Rf3 Ke8 43.h6 Bh8
44.a4 a6 45.h7 Nc6 46.Rf6 Nxd4 47.Rxb6 Kd7 48.cxd4 Bxd4 49.Rf6  1-0

[Event "Werfen"]
[Site "Werfen"]
[Date "1991.??.??"]
[Round "5"]
[White "Schmidt, Peter"]
[Black "Schwartzman, Gabriel"]
[Result "1/2-1/2"]
[WhiteElo "2405"]
[BlackElo "2360"]

1.d4 Nf6 2.Bg5 g6 3.Bxf6 exf6 4.e3 d5 5.c4 c6 6.Nc3 dxc4 7.Bxc4 Bg7 8.h4 h5
9.Nge2 Nd7 10.Nf4 Qe7 11.a4 Bh6 12.g3 Nb6 13.Ba2 Bxf4 14.gxf4 Be6 15.a5 Nd5
16.Bxd5 Bxd5 17.Nxd5 cxd5 18.Qa4+ Qd7 19.Kd2 Rc8  1/2-1/2

[Event "Werfen"]
[Site "Werfen"]
[Date "1991.??.??"]
[Round "5"]
[White "Fahrner, Kurt"]
[Black "Porubszki, Georg"]
[Result "0-1"]
[WhiteElo "2260"]
[BlackElo "2285"]

1.d4 Nf6 2.Bg5 c5 3.d5 Qb6 4.Nc3 Qxb2 5.Bd2 Qb6 6.e4 e5 7.f4 d6 8.fxe5 dxe5
9.Nf3 Bd6 10.Rb1 Qd8 11.Be2 O-O 12.O-O b6 13.Nh4 Nxd5 14.Nxd5 Qxh4 15.Nf6+ gxf6
16.Be1 Qh6 17.Qd5 Be6 18.Qxa8 Qe3+ 19.Rf2 c4 20.Bb4 Bxb4 21.Rxb4 Na6  0-1

[Event "BRA-ch"]
[Site "Curitiba"]
[Date "1992.12.??"]
[Round "7"]
[White "Disconzi da Silva, Rodrigo"]
[Black "Madeira, Wagner Martins"]
[Result "1-0"]
[WhiteElo "2280"]
[BlackElo "2285"]

1.d4 Nf6 2.Bg5 c5 3.Nc3 cxd4 4.Qxd4 Nc6 5.Qh4 d6 6.e4 Be6 7.Nf3 Qa5 8.Nd2 Rc8
9.Bd3 Ne5 10.Bb5+ Bd7 11.Nb3 Qc7 12.Bxd7+ Nexd7 13.O-O e6 14.f4 Be7 15.Kh1 O-O
16.Rf3 Rfe8 17.Re1 Nf8 18.f5 Kh8 19.g4 Ng8 20.Nd4 Bxg5 21.Qxg5 Qc5 22.Qd2 Nf6
23.g5 Ng4 24.Rg3 Ne5 25.Rd1 Nc4 26.Qc1 a6 27.b3 Nb6 28.Qd2 Red8 29.g6 e5
30.gxf7 exd4 31.Qh6 Qe5 32.Rdg1 g6 33.fxg6 Qg7 34.Qh4 dxc3 35.gxh7 Qxg3 36.Qxg3 Ne6
37.Qg8+  1-0

[Event "BRA-ch"]
[Site "Curitiba"]
[Date "1992.12.??"]
[Round "8"]
[White "Disconzi da Silva, Rodrigo"]
[Black "Braga, Cicero"]
[Result "1/2-1/2"]
[WhiteElo "2280"]
[BlackElo "2355"]

1.d4 Nf6 2.Bg5 d5 3.e3 Nbd7 4.c4 Ne4 5.Bf4 e6 6.Nc3 Bb4 7.Qc2 c5 8.f3 Nxc3
9.bxc3 Ba5 10.cxd5 cxd4 11.exd4 exd5 12.Bd3 h6 13.Ne2 O-O 14.O-O Nb6 15.Qc1 Bd7
16.Qe1 Rc8 17.Qg3 Qf6 18.h4 h5 19.Bg5 Qc6 20.Rac1 Nc4 21.Rfe1 Rfe8 22.Bf4  1/2-1/2

[Event "Simferopol/Alushta (Women)"]
[Site "Alushta"]
[Date "1992.??.??"]
[Round "?"]
[White "Semenova, Lidia K"]
[Black "Struchkova, Svetlana"]
[Result "1/2-1/2"]
[WhiteElo "2270"]
[BlackElo "2260"]

1.d4 Nf6 2.Bg5 g6 3.Bxf6 exf6 4.e3 Bg7 5.Bd3 f5 6.Ne2 b6 7.Nbc3 Bb7 8.d5 O-O
9.O-O d6 10.a4 Nd7 11.Nd4 Nc5 12.Bb5 a6 13.Bc4 Qh4 14.g3 Qf6 15.Re1 Ne4 16.Nce2 Rfe8
17.Nf4 h5 18.f3 Nc5 19.h4 Bh6 20.c3 Nd7 21.Kf2 Ne5 22.Bb3 Re7 23.Qd2 Rae8
24.Re2 a5 25.Rae1 Ba6 26.Nb5 Bxb5 27.axb5 Bxf4 28.exf4 Nd7 29.Bc2 Kf8 30.Qd3 Rxe2+
31.Rxe2 Rxe2+ 32.Qxe2  1/2-1/2

[Event "Aviles"]
[Site "Aviles"]
[Date "1992.??.??"]
[Round "?"]
[White "Fernandez Lopez, Felix"]
[Black "Bernal Moro, Luis Javier"]
[Result "0-1"]
[WhiteElo "2330"]
[BlackElo "2400"]

1.d4 Nf6 2.Bg5 c5 3.Bxf6 gxf6 4.d5 d6 5.c3 f5 6.e3 Nd7 7.Nh3 Nf6 8.a4 Bg7
9.Na3 O-O 10.Nf4 e5 11.Nh5 Nxh5 12.Qxh5 Qf6 13.Be2 Qg6 14.Nc4 Rd8 15.O-O b6
16.Rfd1 Rb8 17.Qxg6 fxg6 18.b4 cxb4 19.cxb4 Bf8 20.f3 Bd7 21.Nb2 e4 22.b5 Bg7
23.Rab1 exf3 24.gxf3 Bxb2 25.Rxb2 Rdc8 26.Rdd2 Rc3 27.Rbc2 Rbc8 28.Rxc3 Rxc3
29.Kf2 Kf8 30.Bd1 Ke7 31.Ke2 Bc8 32.Rc2 Rc5 33.Rxc5 dxc5 34.Bb3 Kd6 35.e4 fxe4
36.fxe4 Ke5 37.Ke3 Bd7 38.Bc4 g5 39.Be2 Be8 40.Bg4 Bg6 41.Bf3 h6 42.h3 Be8
43.Bg4 h5 44.Bf3 Bd7 45.Bxh5 Bxh3 46.Bd1 Bd7 47.Be2 Bc8 48.Bd3 Bg4 49.Bc2 c4
50.Kf2 Kf4 51.Kg2 Bc8 52.Kf2 a6 53.bxa6 Bxa6 54.Kg2 Bc8 55.Kf2 Bd7 56.Kg2 Be8
57.Kf2 Bf7 58.Kg2 Bh5 59.Kf2 Be8 60.Kg2 Bd7 61.Kf2  0-1

[Event "Bankia op"]
[Site "Bankia"]
[Date "1992.??.??"]
[Round "7"]
[White "Berovski, Krum"]
[Black "Radev, Nikolai"]
[Result "1/2-1/2"]
[WhiteElo "2250"]
[BlackElo "2355"]

1.d4 Nf6 2.Bg5 c5 3.Bxf6 gxf6 4.d5 Qb6 5.Qc1 f5 6.c4 Bg7 7.Nc3 d6 8.e3 Nd7
9.Nge2 Nf6 10.Ng3 Ne4 11.Ngxe4 fxe4 12.Rb1 f5 13.Be2 O-O 14.Qd2 Bd7 15.f4 exf3
16.gxf3 Qd8 17.O-O Qe8 18.Kh1 Qf7 19.f4 Kh8 20.Bf3 a6 21.b4 Rac8 22.b5 axb5
23.Nxb5 Ra8 24.Nc7 Ra7 25.Rg1 Rc8 26.Ne6 Bxe6 27.dxe6 Qxe6 28.Bxb7 Rd8 29.Bd5 Qf6
30.Rb7 Rxb7 31.Bxb7 e6 32.a4 d5 33.cxd5 Qe7 34.Bc6 exd5 35.Bxd5 c4 36.Qg2 c3
37.a5 Rd7 38.a6 Qxe3 39.Bc6 Re7 40.Ba4 h6 41.Bc2 Qc5 42.Qa8+ Kh7 43.a7 Rxa7
44.Bxf5+ Qxf5 45.Qxa7 Qd5+ 46.Rg2 Qd1+ 47.Qg1 c2 48.Rxg7+ Kh8 49.Rg8+ Kh7  1/2-1/2

[Event "Belgrade"]
[Site "Belgrade"]
[Date "1992.??.??"]
[Round "4"]
[White "Levitina, Irina S"]
[Black "Bojkovic, Natasa"]
[Result "1/2-1/2"]
[WhiteElo "2400"]
[BlackElo "2330"]

1.d4 Nf6 2.Bg5 c5 3.d5 Qb6 4.Nc3 Qxb2 5.Bd2 Qb6 6.e4 d6 7.Nf3 g6 8.h3 Bg7
9.Bc4 O-O 10.O-O Qd8 11.Rb1 b6 12.Qe2 e5 13.dxe6 Bxe6 14.Rbd1 Nc6 15.Bg5 Qc8
16.Nb5 Ne8 17.Nxd6 Nxd6 18.Rxd6 Bxc4 19.Qxc4 Nd4 20.Qd3 Nxf3+ 21.Qxf3 Qa6
22.h4 Qxa2 23.h5 f6 24.Be3 Qf7 25.hxg6 hxg6 26.Rfd1 Rae8 27.Rd7 Re7 28.Rxe7 Qxe7
29.Qg4 Re8 30.f3 Qf7 31.Rd7 Qe6 32.Qxe6+ Rxe6 33.Rxa7 f5 34.Rb7 fxe4 35.fxe4 Rxe4
36.Kf2 Re6 37.Bf4 Bd4+ 38.Kf3 Kf8 39.c4 Ke8 40.Bc7 Re3+ 41.Kf4 Rc3 42.Rxb6 Kf7
43.Be5 Bxe5+ 44.Kxe5 Rxc4 45.Rb7+ Kg8 46.Rc7 Rg4 47.Rxc5 Rg5+ 48.Kd4 Rxg2
49.Ke3 Kg7 50.Kf3 Rg1 51.Kf2  1/2-1/2

[Event "Berliner Sommer"]
[Site "Berlin"]
[Date "1992.??.??"]
[Round "?"]
[White "Gerstner, Wolfgang"]
[Black "Kishnev, Sergey"]
[Result "0-1"]
[WhiteElo "2375"]
[BlackElo "2530"]

1.d4 Nf6 2.Bg5 d5 3.e3 c5 4.c3 Qb6 5.Qc2 Ne4 6.Bf4 Bf5 7.dxc5 Qxc5 8.Qb3 b6
9.Nf3 Nd7 10.Qa4 g6 11.Ba6 Bg7 12.O-O O-O 13.b4 b5 14.Bxb5 Qc8 15.Qb3 Nb6
16.Rc1 Nc4 17.Na3 e5 18.Bg3 Ned6 19.Rd1 Nxa3 20.Bf1 Ndc4 21.Rac1 Qe8  0-1

[Event "Berliner Sommer"]
[Site "Berlin"]
[Date "1992.??.??"]
[Round "?"]
[White "Ungureanu, Emil"]
[Black "Ikonnikov, Vyacheslav"]
[Result "0-1"]
[WhiteElo "2310"]
[BlackElo "2505"]

1.d4 Nf6 2.Bg5 d5 3.Bxf6 exf6 4.e3 Be6 5.Bd3 c5 6.dxc5 Bxc5 7.c3 Nc6 8.Nd2 O-O
9.Nb3 Bd6 10.Ne2 Rc8 11.Ned4 Re8 12.O-O Bb8 13.f4 Rc7 14.Qh5 g6 15.Qh4 Bc8
16.Rf3 f5 17.Qh6 Qf6 18.Rg3 Rce7 19.Re1 a6 20.Re2 Ba7 21.Rh3 Qg7 22.Qh4 Bd7
23.Kf2 Nxd4 24.Nxd4 Bxd4 25.exd4 f6 26.Rhe3 Bb5 27.Bxb5 axb5 28.Qh3 Re4 29.Rxe4 fxe4
30.f5 Qd7 31.g4 h5 32.fxg6 Qxg4 33.Qxg4 hxg4 34.Kg3 Kg7 35.Kxg4 Kxg6 36.h4 f5+
37.Kf4 Kf6 38.Re3 Rg8 39.Rg3 Rxg3 40.Kxg3 Kg6 41.b3 Kh5 42.a3 e3 43.Kf3 Kxh4  0-1

[Event "Biel op"]
[Site "Biel"]
[Date "1992.??.??"]
[Round "8"]
[White "Pomes Marcet, Juan"]
[Black "Landenbergue, Claude"]
[Result "1-0"]
[WhiteElo "2400"]
[BlackElo "2390"]

1.d4 Nf6 2.Bg5 c5 3.Bxf6 gxf6 4.d5 Qb6 5.Qc1 f5 6.e3 Bg7 7.c3 e6 8.Bc4 Na6
9.Ne2 Nc7 10.O-O exd5 11.Bd3 Qf6 12.Ng3 d6 13.Qc2 Be6 14.Qa4+ Bd7 15.Qf4 Qe5
16.Nxf5 Bxf5 17.Qxf5 Ne6 18.Nd2 Qxf5 19.Bxf5 b5 20.Nf3 a5 21.Rfd1 Nc7 22.e4 dxe4
23.Bxe4 Ra6 24.Nh4 O-O 25.Nf5 Rd8 26.Rd3 d5 27.Bxd5 Nxd5 28.Rxd5 Rxd5 29.Ne7+ Kf8
30.Nxd5 Rd6 31.Rd1 a4 32.Kf1 b4 33.cxb4 Bxb2 34.bxc5 Rc6 35.Nb6 a3 36.Rd5 Ke7
37.Nc4 Ke6 38.Rd6+ Rxd6 39.cxd6  1-0

[Event "Bled op"]
[Site "Bled"]
[Date "1992.??.??"]
[Round "7"]
[White "Kovacevic, Vlatko"]
[Black "Tratar, Marko"]
[Result "1/2-1/2"]
[WhiteElo "2545"]
[BlackElo "2335"]

1.d4 Nf6 2.Bg5 d5 3.e3 Nbd7 4.Nd2 e5 5.c3 Be7 6.Bd3 c6 7.Ne2 a5 8.Rc1 O-O
9.O-O Re8 10.Bb1 g6 11.Ng3 exd4 12.exd4 Nf8 13.Bxf6 Bxf6 14.f4 Bh4 15.f5 Bxg3
16.hxg3 Qg5 17.Rf2 Bxf5 18.Bxf5 gxf5 19.Qb3 Re7 20.c4 dxc4 21.Rxc4 Rd8 22.Rc5 Qe3
23.Qxe3 Rxe3 24.Rcxf5 Re7 25.Rg5+ Kh8 26.Nf3 Ne6 27.Re5 Red7 28.Rxa5 Nxd4
29.Ne5 Rd5 30.Nxf7+ Kg8 31.Nxd8 Rxa5 32.Nxb7 Rxa2 33.Kh2 Ra7 34.Nc5 Ra5 35.b4 Rb5
36.Rf4 Nc2 37.Nd3 Rd5 38.Nc5 Re5 39.Na6 Rh5+ 40.Rh4 Rb5 41.Rc4 Rb6 42.Rxc2 Rxa6
43.Kh3 Kg7 44.g4 Ra3+ 45.Kh4 Ra4 46.Rb2 Ra3 47.Kg5 Rd3 48.Kf5 Rd4 49.g5 Rd5+
50.Kg4 Rb5 51.Rc2 Rxb4+ 52.Kh5 Rb6  1/2-1/2

[Event "SWE-ch"]
[Site "Borlange"]
[Date "1992.??.??"]
[Round "4"]
[White "Engqvist, Thomas"]
[Black "Lind, Jan Olov"]
[Result "1-0"]
[WhiteElo "2390"]
[BlackElo "2345"]

1.d4 Nf6 2.Bg5 c5 3.Bxf6 gxf6 4.d5 Qb6 5.Qc1 c4 6.e3 Qc5 7.Nc3 b5 8.Qd2 Bb7
9.e4 f5 10.exf5 b4 11.Na4 Qa5 12.Qd4 Qxa4 13.Qxh8 Qxc2 14.Qd4 c3 15.bxc3 bxc3
16.Rd1 Qxa2 17.Qxc3 Na6 18.Ra1 Qxd5 19.Bxa6 Rc8 20.Bxb7 Qxb7 21.Qf3 Qb4+
22.Kf1 Bg7 23.Rd1 a5 24.Qd5 d6 25.Nf3 a4 26.g3 a3 27.Kg2 Qc4 28.Qxc4 Rxc4
29.Rd2 Ra4 30.Ra2 Bb2 31.Rb1 Rb4 32.h3 h5 33.Ne1 Rb3 34.Rxa3 Rxa3 35.Rxb2 Kf8
36.f6 exf6 37.Rb5 Ke7 38.Nc2 Rc3 39.Ne3 Rc5 40.Nf5+ Ke6 41.Ng7+  1-0

[Event "Bucaramanga"]
[Site "Bucaramanga"]
[Date "1992.??.??"]
[Round "5"]
[White "Fernandes, Antonio"]
[Black "Martin del Campo, Roberto"]
[Result "1/2-1/2"]
[WhiteElo "2440"]
[BlackElo "2410"]

1.d4 Nf6 2.Bg5 c5 3.Bxf6 gxf6 4.c3 Qb6 5.Qd2 d5 6.e3 Bf5 7.Ne2 e6 8.Ng3 Bg6
9.f4 cxd4 10.exd4 Bh6 11.Na3 O-O 12.Qf2 Qd6 13.Nb5 Qxf4 14.Qxf4 Bxf4 15.Ne2 Be3
16.Nc7 Nc6 17.Nxa8 Rxa8 18.h4 e5 19.h5 Bf5 20.Ng3 Bc2 21.dxe5 Re8 22.Be2 d4
23.Bd1 Bd3 24.Be2 Nxe5 25.cxd4 Bxd4 26.Rd1 Bxb2 27.Bxd3 Nxd3+ 28.Kf1 Ne5
29.Nf5 Nc6 30.Rh3 Re5 31.g4 Ra5 32.Rb3 Rxa2 33.Rxb7 Ba3 34.Rc7 Rc2 35.h6 Bf8
36.Rc8 Rc4 37.Rdd8 Rf4+ 38.Ke2 Nxd8 39.Rxd8 Re4+ 40.Kf3 Re5 41.Ra8 a5 42.Kf4 a4
43.Ng7 a3 44.Nh5 Rxh5 45.gxh5 a2 46.Kf5 a1=Q 47.Rxa1 Bxh6 48.Rg1+  1/2-1/2

[Event "Bucaramanga"]
[Site "Bucaramanga"]
[Date "1992.??.??"]
[Round "7"]
[White "Fernandes, Antonio"]
[Black "Rodriguez, Amador"]
[Result "1/2-1/2"]
[WhiteElo "2440"]
[BlackElo "2495"]

1.d4 Nf6 2.Bg5 d5 3.Bxf6 gxf6 4.c4 dxc4 5.e3 c5 6.Bxc4 cxd4 7.exd4 Bg7 8.Ne2 O-O
9.O-O Nc6 10.Nbc3 f5 11.d5 Ne5 12.Bb3 Qb6 13.Qd2 Bd7 14.Qg5 Rfe8 15.Ng3 Qg6
16.Qf4 Rac8 17.Rad1 b5 18.Nce2 Nc4 19.Bxc4 Rxc4 20.Nd4 Qg4 21.Qxg4 fxg4 22.Ngf5 Bf6
23.b3 Rc5 24.Ne3 h5 25.Rd3 Rec8 26.Rfd1 Kh7 27.Kf1 Kg6 28.Ne2 Be5 29.f4 Bd6
30.g3 a5 31.Ke1 R5c7 32.Rb1 Bc5 33.Nd4 Bb6 34.Ke2 Rc5 35.Kd2 Ba7 36.Ne2 R5c7
37.Rc1 Bc5 38.Kd1 b4 39.Nc4 Bb5 40.Rd2 a4 41.Ne5+ Kg7 42.Nd4 Bxd4 43.Rxc7 Rxc7
44.Rxd4 axb3 45.axb3 f6 46.Rxb4 fxe5 47.Rxb5 exf4 48.gxf4 Rc3 49.d6 exd6
50.Rxh5 Rxb3 51.Rg5+ Kf6 52.Rxg4 Kf5 53.Rg3 Rb1+ 54.Ke2 Kxf4 55.Rf3+ Ke4
56.Re3+ Kf4  1/2-1/2

[Event "Bucharest"]
[Site "Bucharest"]
[Date "1992.??.??"]
[Round "?"]
[White "Negulescu, Adrian"]
[Black "Bouaziz, Slim"]
[Result "0-1"]
[WhiteElo "2445"]
[BlackElo "2400"]

1.d4 Nf6 2.Bg5 c5 3.d5 Qb6 4.Bxf6 exf6 5.Qc1 d6 6.Nc3 Be7 7.Nf3 O-O 8.g3 f5
9.Bg2 Nd7 10.O-O Bf6 11.Nd2 Qa6 12.e4 Bxc3 13.bxc3 Nf6 14.exf5 Bxf5 15.Qb2 Rae8
16.Rfe1 b6 17.c4 Qa5 18.c3 h6 19.f3 Nd7 20.Ne4 Bxe4 21.Rxe4 Rxe4 22.fxe4 Ne5
23.Qb3 Qa6 24.Qb5 Qb7 25.a4 Qe7 26.a5 Qg5 27.axb6 Qe3+ 28.Kh1 axb6 29.Qxb6 Nd3  0-1

[Event "Spring op"]
[Site "Budapest"]
[Date "1992.??.??"]
[Round "?"]
[White "Mueller, Mat"]
[Black "Gyorkos, Lajos"]
[Result "0-1"]
[WhiteElo "2355"]
[BlackElo "2450"]

1.d4 Nf6 2.Bg5 d5 3.Bxf6 exf6 4.e3 c6 5.Bd3 f5 6.Nd2 Bd6 7.Ne2 O-O 8.O-O g6
9.c4 dxc4 10.Bxc4 Nd7 11.Rc1 Nf6 12.Qc2 Qe7 13.Nc3 Re8 14.Rfd1 Bd7 15.Be2 Rad8
16.Bf3 Be6 17.a3 Bb8 18.g3 h5 19.b4 h4 20.Qb2 Nd5 21.Nxd5 Bxd5 22.Bxd5 cxd5
23.Nf3 hxg3 24.hxg3 Qe4 25.Kg2 Kg7 26.Qb1 Qe6 27.Rh1 f6 28.Rh3 Rh8 29.Rch1 Qe4
30.Rxh8 Rxh8 31.Qd1 Rxh1 32.Kxh1 g5 33.Kg1 Bd6 34.Ne1 f4 35.gxf4 gxf4 36.Qd3 fxe3
37.Qxe3 Bf4 38.Qxe4 dxe4 39.Kf1 f5 40.Ke2 Kf6 41.Nc2 Bc1 42.a4 Ke6 43.Ne3 f4
44.Nc2 Kd5 45.f3 Bb2  0-1

[Event "Buehl rapid"]
[Site "Buehl"]
[Date "1992.??.??"]
[Round "5"]
[White "Gerstner, Wolfgang"]
[Black "Gutman, Lev"]
[Result "1-0"]
[WhiteElo "2405"]
[BlackElo "2465"]

1.d4 Nf6 2.Bg5 c5 3.d5 Qb6 4.Nc3 Qxb2 5.Bd2 Qb6 6.e4 d6 7.f4 g6 8.e5 Nfd7
9.Nf3 Bg7 10.Rb1 Qd8 11.Qe2 O-O 12.h4 dxe5 13.fxe5 Nb6 14.h5 Bg4 15.Qe4 gxh5
16.Bd3 f5 17.exf6 Rxf6 18.Qxh7+ Kf8 19.Ne4 Nxd5 20.Nxf6 Nxf6 21.Qg6 Qd6 22.O-O Bxf3
23.Rxf3 Nd7 24.Bh6 Qd4+ 25.Kh1 Bxh6 26.Qxh6+ Ke8 27.Qh8+ Kf7 28.Qxh5+ Kf8
29.Re1 c4 30.Qh8+ Kf7 31.Qh7+  1-0

[Event "Wch U20"]
[Site "Buenos Aires"]
[Date "1992.??.??"]
[Round "?"]
[White "Cueto, Johny"]
[Black "Allen, Andrew"]
[Result "1-0"]
[WhiteElo "2170"]
[BlackElo "2170"]

1.d4 Nf6 2.Bg5 d5 3.e3 Nbd7 4.c4 e6 5.Nc3 Be7 6.Nf3 O-O 7.Qc2 h6 8.h4 b6
9.O-O-O Bb7 10.Bxf6 Nxf6 11.Ne5 c5 12.g4 cxd4 13.exd4 dxc4 14.Rh2 Nd5 15.Nxd5 Bxd5
16.g5 hxg5 17.hxg5 Bxg5+ 18.Kb1 f5 19.Bxc4 Bf4 20.Rh3 Rc8 21.Rc3 Bxc4 22.Ng6 Ba6
23.Nxf4 Qf6 24.Qa4 Rxc3 25.bxc3 Qh6 26.Nxe6 Qxe6 27.Qxa6 Rc8 28.Kb2 Rc4 29.Rd2 Qc6
30.Qa3 a5 31.d5 Qh6 32.Kc2 Qf4 33.Qe7 Ra4 34.Qe6+ Kf8 35.d6 Qe4+ 36.Qxe4 fxe4
37.Kb3 e3 38.d7  1-0

[Event "Wch U20"]
[Site "Buenos Aires"]
[Date "1992.??.??"]
[Round "?"]
[White "Jepson, Christian"]
[Black "Escobedo Tinajero, Alberto"]
[Result "0-1"]
[WhiteElo "2295"]
[BlackElo "2265"]

1.d4 d5 2.Bg5 Nf6 3.Bxf6 exf6 4.e3 Bd6 5.c4 c6 6.Nc3 dxc4 7.Bxc4 O-O 8.Nf3 b5
9.Bb3 f5 10.O-O b4 11.Na4 Nd7 12.Qc2 Qf6 13.Rfd1 g5 14.g3 Rb8 15.Bc4 Nb6
16.Nc5 Nxc4 17.Qxc4 Re8 18.Re1 h5 19.h4 gxh4 20.Nxh4 Qg5 21.Qe2 Kh8 22.Kg2 Kg7
23.Qf3 Bxc5 24.dxc5 Re4 25.Kh2 Be6 26.Rad1 Rb5 27.Rd4 Rxc5 28.Rxe4 fxe4 29.Qxe4 Rc4
30.Qd3 Qf6 31.Re2 Rxh4+ 32.gxh4 Qxh4+ 33.Kg1 Bc4 34.Qc2 Qg4+ 35.Kf1 Qxe2+
36.Qxe2 Bxe2+ 37.Kxe2 Kf6 38.f4 a5 39.b3 c5 40.Kf3 c4  0-1

[Event "Traffic op"]
[Site "Buenos Aires"]
[Date "1992.??.??"]
[Round "3"]
[White "Tempone, Marcelo"]
[Black "Escandell, Juan Carlos"]
[Result "1-0"]
[WhiteElo "2455"]
[BlackElo "2310"]

1.d4 Nf6 2.Bg5 c5 3.d5 Qb6 4.Nc3 Qxb2 5.Bd2 a6 6.e4 d6 7.Rb1 Qa3 8.f4 Nbd7
9.Nf3 g6 10.e5 Ng4 11.Qe2 dxe5 12.fxe5 Bh6 13.Rb3 Qa5 14.e6 fxe6 15.Ng5 Ndf6
16.h3 Bxg5 17.Bxg5 c4 18.Qxc4 exd5 19.Qd4 e5 20.Qd2 d4 21.hxg4 dxc3 22.Qd6 Ng8
23.Ra3  1-0

[Event "Buenos Aires GyE"]
[Site "Buenos Aires"]
[Date "1992.??.??"]
[Round "9"]
[White "Studenetzky, Moises"]
[Black "Alvarez Castillo, Hector"]
[Result "1-0"]
[WhiteElo "2220"]
[BlackElo "2230"]

1.d4 Nf6 2.Bg5 d5 3.Nd2 Nbd7 4.Ngf3 h6 5.Bh4 g5 6.Bg3 Nh5 7.e3 Nxg3 8.hxg3 Bg7
9.c4 c6 10.Qc2 e5 11.cxd5 exd4 12.dxc6 bxc6 13.exd4 O-O 14.Bc4 Nb6 15.O-O-O Nxc4
16.Nxc4 Ba6 17.Nfe5 Qd5 18.b3 c5 19.f4 cxd4 20.Kb1 Rab8 21.Ne3 Qb5 22.Nf5 d3
23.Ne7+ Kh8 24.Rxd3 gxf4 25.gxf4 Rfe8 26.Rdh3 Rxe7 27.Rxh6+ Kg8 28.Rh8+  1-0

[Event "Calimanesti (Women)"]
[Site "Calimanesti"]
[Date "1992.??.??"]
[Round "?"]
[White "Koen, Maja"]
[Black "Peptan, Corina"]
[Result "1/2-1/2"]
[WhiteElo "2225"]
[BlackElo "2115"]

1.d4 Nf6 2.Bg5 d5 3.Bxf6 exf6 4.e3 Be7 5.Bd3 O-O 6.Nd2 b6 7.c4 Bb7 8.cxd5 Bxd5
9.Ngf3 Bb7 10.Qc2 g6 11.Rc1 c5 12.dxc5 Nc6 13.a3 Bxc5 14.Nb3 Bb4+ 15.Ke2 Bd6
16.h4 Rc8 17.Qb1 Ne5 18.Nxe5 fxe5 19.Be4 Rxc1 20.Rxc1 Ba6+ 21.Bd3 Bc8 22.Rh1 f5
23.Bc4+ Kg7 24.Qd3 Qf6 25.h5 e4 26.Qd5 Qxb2+ 27.Nd2 Qe5 28.Qc6 Qc5 29.h6+ Kh8
30.Qa4 Qc7 31.Rc1 Bd7 32.Qd1 Bc5 33.Nb3 f4 34.Nxc5 bxc5 35.Qb3 Bg4+ 36.Ke1 Qa5+
37.Qc3+ Qxc3+ 38.Rxc3 fxe3 39.Rxe3 Rd8 40.Be2 Bf5  1/2-1/2